00973nam a22002657a 45000010005000000030006000050050017000110080041000280200015000690400029000840500015001130820008001281000045001362450110001812500041002912600037003323000040003695050007004095200175004165210018005915210018006096500023006276500029006507000028006797176FISKH20250701134858.0250701b cb ||||| |||| 00| 0 eng d a0590426885 aFISKHbengcFISKHdFISKH aPZ7.W244 Y a813 aWarner, Chandler Gertruded(1890–1979) aThe boxcar children :bThe Yellow house mystery /cBy Gertrude Chandler Warner ; Illustrated by Mary Gehr aThis edition first published in 1989 aWest Howard :bScholastic,c1953 a191 pages :billustrations ;c20 cm aJ  auvenile Fiction. Juvenile Literature. Mystery. HTML:Years ago, a man vanished from the yellow house on Surprise Island. Why? The Aldens have found a clue to the mystery! 8 a480 bLexile 8 aJ bRaz-Plus  2MysteryaAdventure 2Boxcar ChildrenaFiction aGehr, Marydillustrator